000 00359nam a2200121Ia 4500
005 20251222154330.0
008 251222s9999||||xx |||||||||||||| ||spa||
020 _a84-285-2027-5
082 _a320.54/O44
100 _a"Olivín López, Fernando"
245 0 _aEl extranjero y su sombra: Crética del nacionalismo desde el derecho de extranjería
942 _cLIB
999 _c34129
_d34129